Báo cáo workshop MHO 09 (Việt Nam - Netherlands) Hội thảo về cải tiến chương trình giảng dạy trong chiến lược phát triển Khoa Y Trường Đại học Cần Thơ

সংরক্ষণ করুন:
গ্রন্থ-পঞ্জীর বিবরন
প্রধান লেখক: Trường Đại học Cần Thơ
বিন্যাস: গ্রন্থ
ভাষা:Undetermined
প্রকাশিত: Cần Thơ Trường Đại học Cần Thơ 1996
বিষয়গুলি:
ট্যাগগুলো: ট্যাগ যুক্ত করুন
কোনো ট্যাগ নেই, প্রথমজন হিসাবে ট্যাগ করুন!
Thư viện lưu trữ: Trung tâm Học liệu Trường Đại học Cần Thơ
LEADER 00763nam a2200181Ia 4500
001 CTU_13544
008 210402s9999 xx 000 0 und d
082 |a 375 
082 |b M618 
100 |a Trường Đại học Cần Thơ 
245 0 |a Báo cáo workshop MHO 09 (Việt Nam - Netherlands) 
245 0 |b Hội thảo về cải tiến chương trình giảng dạy trong chiến lược phát triển Khoa Y Trường Đại học Cần Thơ 
245 0 |c Trường Đại học Cần Thơ,MHO9 
260 |a Cần Thơ 
260 |b Trường Đại học Cần Thơ 
260 |c 1996 
650 |a universities and colleges - vietnam - curricula 
980 |a Trung tâm Học liệu Trường Đại học Cần Thơ